[Event "Titled Tuesday 2021.03.30"]
[Site "Chess.com INT"]
[Date "2021.03.30"]
[Round "5"]
[White "Golubka, Petro"]
[Black "Christensen, Thomas1"]
[Result "1-0"]
[WhiteElo "2452"]
[BlackElo "2154"]
[WhiteFideId "-1"]
[BlackFideId "-1"]
[PlyCount "77"]
[GameId "1633928138588160"]
[EventDate "2021.03.30"]
[EventType "swiss (blitz)"]
[EventRounds "11"]
[EventCountry "NET"]
[SourceTitle "CBM 201 Extra"]
[Source "ChessBase"]
[SourceDate "2021.05.31"]
[SourceVersion "1"]
[SourceVersionDate "2021.05.31"]
[SourceQuality "1"]

1. e4 e5 2. Nf3 d5 3. d3 dxe4 4. dxe4 Qxd1+ 5. Kxd1 Bg4 6. Be3 Nc6 7. Nbd2 O-O-O 8. h3 Bh5 9. g4 Bg6 10. Bd3 f6 11. a3 Bd6 12. Ke2 Nge7 13. c3 Bf7 14. Bc4 Bxc4+ 15. Nxc4 g5 16. b4 Ng6 17. a4 Kb8 18. b5 Nce7 19. h4 h6 20. a5 Nf4+ 21. Bxf4 exf4 22. Nd4 Be5 23. Ne6 Rde8 24. hxg5 hxg5 25. Nxe5 fxe5 26. Nxg5 Rhg8 27. Rh5 Rg6 28. Nf3 Rxg4 29. Rxe5 Rgg8 30. Rg1 Rxg1 31. Nxg1 Kc8 32. Nh3 Kd7 33. Nxf4 Rh8 34. Rxe7+ Kxe7 35. Ng6+ Kf7 36. Nxh8+ Kg7 37. e5 Kxh8 38. f4 Kg7 39. c4 1-0

[Event "Titled Tuesday 2021.03.30"]
[Site "Chess.com INT"]
[Date "2021.03.30"]
[Round "7"]
[White "Golubka, Petro"]
[Black "Zhukov, Maksim"]
[Result "1-0"]
[WhiteElo "2452"]
[BlackElo "2090"]
[WhiteFideId "-1"]
[BlackFideId "-1"]
[PlyCount "53"]
[GameId "1633928140320768"]
[EventDate "2021.03.30"]
[EventType "swiss (blitz)"]
[EventRounds "11"]
[EventCountry "NET"]
[SourceTitle "CBM 201 Extra"]
[Source "ChessBase"]
[SourceDate "2021.05.31"]
[SourceVersion "1"]
[SourceVersionDate "2021.05.31"]
[SourceQuality "1"]

1. e4 c5 2. Nf3 a6 3. c4 g6 4. Nc3 Bg7 5. d4 cxd4 6. Nxd4 d6 7. Be3 Nf6 8. f3 O-O 9. Qd2 Nc6 10. O-O-O Bd7 11. g4 Rc8 12. Kb1 Na5 13. b3 b5 14. cxb5 axb5 15. Bxb5 Bxb5 16. Ndxb5 Nd7 17. h4 Ne5 18. h5 Nxf3 19. Qe2 Bxc3 20. Qxf3 Bg7 21. hxg6 hxg6 22. Qh3 f6 23. Nd4 Qd7 24. Bh6 e5 25. Bxg7 Qxg7 26. Ne6 Qf7 27. Qh8# 1-0

[Event "Titled Tuesday 2021.03.30"]
[Site "Chess.com INT"]
[Date "2021.03.30"]
[Round "8"]
[White "Golubka, Petro"]
[Black "Turzo, Attila"]
[Result "1-0"]
[WhiteElo "2452"]
[BlackElo "2302"]
[WhiteFideId "-1"]
[BlackFideId "-1"]
[PlyCount "45"]
[GameId "1633928141168640"]
[EventDate "2021.03.30"]
[EventType "swiss (blitz)"]
[EventRounds "11"]
[EventCountry "NET"]
[SourceTitle "CBM 201 Extra"]
[Source "ChessBase"]
[SourceDate "2021.05.31"]
[SourceVersion "1"]
[SourceVersionDate "2021.05.31"]
[SourceQuality "1"]

1. e4 c6 2. d4 d5 3. e5 Bf5 4. Nc3 e6 5. g4 Bg6 6. Nge2 c5 7. Be3 Nc6 8. dxc5 Nxe5 9. Nd4 Ne7 10. f4 N5c6 11. f5 exf5 12. Ncb5 Nc8 13. gxf5 Nxd4 14. Nxd4 Qh4+ 15. Bf2 Qe4+ 16. Qe2 Bh5 17. Qxe4+ dxe4 18. Bb5+ Kd8 19. c6 Kc7 20. cxb7 Rb8 21. bxc8=Q+ Rxc8 22. Be2 Bc5 23. Bxh5 1-0

[Event "Titled Tuesday 2021.03.30"]
[Site "Chess.com INT"]
[Date "2021.03.30"]
[Round "9"]
[White "Balla, Tamas Kristof"]
[Black "Golubka, Petro"]
[Result "0-1"]
[WhiteElo "2336"]
[BlackElo "2452"]
[WhiteFideId "-1"]
[BlackFideId "-1"]
[PlyCount "54"]
[GameId "1633928142024704"]
[EventDate "2021.03.30"]
[EventType "swiss (blitz)"]
[EventRounds "11"]
[EventCountry "NET"]
[SourceTitle "CBM 201 Extra"]
[Source "ChessBase"]
[SourceDate "2021.05.31"]
[SourceVersion "1"]
[SourceVersionDate "2021.05.31"]
[SourceQuality "1"]

1. e4 c5 2. Nf3 d6 3. d4 cxd4 4. Nxd4 Nf6 5. Nc3 a6 6. h3 h6 7. Be3 e5 8. Nde2 b5 9. g3 Bb7 10. Bg2 Nbd7 11. a4 b4 12. Nd5 Nxd5 13. exd5 Be7 14. O-O O-O 15. c3 bxc3 16. Nxc3 a5 17. g4 Bg5 18. Qd2 Ba6 19. Rfc1 Nc5 20. Ra3 Rb8 21. Bxg5 Qxg5 22. Rd1 Rb4 23. Nb5 Qxd2 24. Rxd2 Bxb5 25. axb5 Rxb5 26. Bf1 Rb6 27. Rxa5 Nb3 0-1

[Event "Titled Tuesday 2021.03.30"]
[Site "Chess.com INT"]
[Date "2021.03.30"]
[Round "10"]
[White "Golubka, Petro"]
[Black "Yilmaz, Mustafa"]
[Result "0-1"]
[WhiteElo "2452"]
[BlackElo "2630"]
[WhiteFideId "-1"]
[BlackFideId "-1"]
[PlyCount "142"]
[GameId "1633928143245312"]
[EventDate "2021.03.30"]
[EventType "swiss (blitz)"]
[EventRounds "11"]
[EventCountry "NET"]
[SourceTitle "CBM 201 Extra"]
[Source "ChessBase"]
[SourceDate "2021.05.31"]
[SourceVersion "1"]
[SourceVersionDate "2021.05.31"]
[SourceQuality "1"]

1. e4 c6 2. d4 d5 3. e5 Bf5 4. Nc3 e6 5. g4 Bg6 6. Nge2 f6 7. Nf4 Bf7 8. exf6 gxf6 9. Be3 Nd7 10. Qd2 e5 11. Nfe2 h5 12. g5 fxg5 13. Bxg5 Be7 14. h4 Qb6 15. O-O-O Be6 16. dxe5 Qxf2 17. Nf4 Qxd2+ 18. Rxd2 Bg4 19. Ng6 Bxg5 20. hxg5 Rh7 21. Bd3 Rg7 22. e6 Nc5 23. Nf4 Nxd3+ 24. cxd3 Rxg5 25. Rg2 Nf6 26. Nce2 Ke7 27. Rhg1 h4 28. Kd2 Rh8 29. Rh2 Kd6 30. b4 Rh6 31. Nd4 h3 32. Rxh3 Rxh3 33. Nxh3 Rh5 34. Nf4 Rh2+ 35. Kc3 Rxa2 36. Rh1 a5 37. bxa5 Rxa5 38. Rh6 Ne8 39. Rh8 Ra3+ 40. Kb2 Ra8 41. Rg8 Ke5 42. Rxg4 Kxd4 43. e7 Ke5 44. Ng6+ Kf6 45. Rg1 Nd6 46. Kb3 Rg8 47. Rf1+ Kxg6 48. Rf8 Kg7 49. Rd8 Ne8 50. Rb8 Kf7 51. Rxb7 Rg3 52. Kc3 c5 53. Rb5 Kxe7 54. Rxc5 Kd6 55. Ra5 Nc7 56. Kd4 Ne6+ 57. Kc3 Nc5 58. Kb4 Nxd3+ 59. Kb5 Nf4 60. Ra6+ Ke5 61. Ra1 Rb3+ 62. Kc6 Rc3+ 63. Kd7 d4 64. Re1+ Re3 65. Rf1 d3 66. Kc6 d2 67. Rd1 Rc3+ 68. Kb5 Rc2 69. Kb4 Kd4 70. Rxd2+ Rxd2 71. Ka3 Kc4 0-1

[Event "Titled Tuesday 2021.03.30"]
[Site "Chess.com INT"]
[Date "2021.03.30"]
[Round "11"]
[White "Valdes Romero, Leonardo"]
[Black "Golubka, Petro"]
[Result "0-1"]
[WhiteElo "2402"]
[BlackElo "2452"]
[WhiteFideId "-1"]
[BlackFideId "-1"]
[PlyCount "64"]
[GameId "1633928143577088"]
[EventDate "2021.03.30"]
[EventType "swiss (blitz)"]
[EventRounds "11"]
[EventCountry "NET"]
[SourceTitle "CBM 201 Extra"]
[Source "ChessBase"]
[SourceDate "2021.05.31"]
[SourceVersion "1"]
[SourceVersionDate "2021.05.31"]
[SourceQuality "1"]

1. Nf3 f5 2. g3 e6 3. Bg2 Nf6 4. O-O Be7 5. c4 O-O 6. Nc3 c6 7. d3 d5 8. e4 d4 9. Ne2 fxe4 10. dxe4 c5 11. e5 Ne8 12. Nf4 Nc6 13. Nd3 a5 14. a3 a4 15. h4 Bd7 16. Bf4 Na5 17. Qc2 b5 18. Nd2 Rc8 19. Rac1 Kh8 20. Rfe1 Nc7 21. Qd1 bxc4 22. Nxc4 Nxc4 23. Rxc4 Nd5 24. Bxd5 exd5 25. Rxa4 Bxa4 26. Qxa4 c4 27. Nb4 d3 28. Bd2 Bc5 29. Rf1 Qb6 30. Nxd5 Bxf2+ 31. Kg2 Qb7 32. Qa5 Rc5 0-1

[Event "Titled Tuesday 2021.03.23"]
[Site "Chess.com INT"]
[Date "2021.03.23"]
[Round "3"]
[White "Golubka, Petro"]
[Black "Makarian, Rudik"]
[Result "0-1"]
[WhiteElo "2452"]
[BlackElo "2458"]
[WhiteFideId "-1"]
[BlackFideId "-1"]
[PlyCount "100"]
[GameId "1631416836825088"]
[EventDate "2021.03.23"]
[EventType "swiss (blitz)"]
[EventRounds "11"]
[EventCountry "NET"]
[SourceTitle "CBM 201 Extra"]
[Source "ChessBase"]
[SourceDate "2021.05.31"]
[SourceVersion "1"]
[SourceVersionDate "2021.05.31"]
[SourceQuality "1"]

1. e4 c5 2. Nf3 e6 3. c4 Nc6 4. Nc3 Nf6 5. d4 cxd4 6. Nxd4 Bb4 7. Qd3 O-O 8. Be2 d6 9. O-O a6 10. Bg5 h6 11. Bh4 Ne5 12. Qc2 Ng6 13. Bg3 e5 14. Nb3 Bxc3 15. bxc3 b6 16. Rfd1 Qc7 17. Nd2 Nd7 18. Nf1 Nc5 19. Ne3 Bb7 20. f3 Nf4 21. Bf1 Bc6 22. Qd2 Rad8 23. Rab1 Nce6 24. Qf2 g6 25. Rd2 Kg7 26. Rdb2 Rb8 27. Qd2 Rfd8 28. Bh4 Rd7 29. Bf2 Nc5 30. h4 Rdd8 31. g3 Nfe6 32. Ng4 Rh8 33. Be3 f5 34. exf5 gxf5 35. Nxh6 f4 36. Nf5+ Kf6 37. Bxc5 dxc5 38. Bh3 Bxf3 39. g4 Rbg8 40. g5+ Nxg5 41. hxg5+ Rxg5+ 42. Kf2 Rxh3 43. Rxb6+ Kxf5 44. Qd3+ Kg4 45. Rg1+ Kh4 46. Rh6+ Rh5 47. Qf5 Qd8 48. Rxh5+ Bxh5 49. Qxe5 Qd2+ 50. Kf1 Rf3# 0-1

[Event "Titled Tuesday 2021.03.23"]
[Site "Chess.com INT"]
[Date "2021.03.23"]
[Round "5"]
[White "Yilmaz, Mustafa"]
[Black "Golubka, Petro"]
[Result "0-1"]
[WhiteElo "2630"]
[BlackElo "2452"]
[WhiteFideId "-1"]
[BlackFideId "-1"]
[PlyCount "76"]
[GameId "1631416838066176"]
[EventDate "2021.03.23"]
[EventType "swiss (blitz)"]
[EventRounds "11"]
[EventCountry "NET"]
[SourceTitle "CBM 201 Extra"]
[Source "ChessBase"]
[SourceDate "2021.05.31"]
[SourceVersion "1"]
[SourceVersionDate "2021.05.31"]
[SourceQuality "1"]

1. Nf3 Nf6 2. c4 b6 3. g3 Bb7 4. Bg2 e6 5. O-O Be7 6. Nc3 O-O 7. Re1 c6 8. e4 d5 9. cxd5 cxd5 10. e5 Ne4 11. d3 Nxc3 12. bxc3 Nc6 13. h4 Rc8 14. Bf4 Rc7 15. Ng5 h6 16. Nh3 d4 17. c4 Na5 18. Be4 Bb4 19. Qg4 Bxe1 20. Bxh6 f5 21. exf6 Bxf2+ 22. Nxf2 Qxf6 23. Bf4 e5 24. Qh5 Bxe4 25. Nxe4 Qf5 26. Qxf5 Rxf5 27. Bd2 Rf3 28. Nf2 Nc6 29. Kg2 Rcf7 30. Be1 Nb4 31. Rd1 Nc2 32. Ng4 Rf1 33. Nxe5 Nxe1+ 34. Kh3 Rh1+ 35. Kg4 Re7 36. Nc6 Re3 37. Nxd4 Rxd3 38. Rxd3 Nxd3 0-1

[Event "Titled Tuesday 2021.03.23"]
[Site "Chess.com INT"]
[Date "2021.03.23"]
[Round "6"]
[White "Golubka, Petro"]
[Black "Gadimbayli, Abdulla Azar"]
[Result "0-1"]
[WhiteElo "2452"]
[BlackElo "2470"]
[WhiteFideId "-1"]
[BlackFideId "-1"]
[PlyCount "76"]
[GameId "1631416839471104"]
[EventDate "2021.03.23"]
[EventType "swiss (blitz)"]
[EventRounds "11"]
[EventCountry "NET"]
[SourceTitle "CBM 201 Extra"]
[Source "ChessBase"]
[SourceDate "2021.05.31"]
[SourceVersion "1"]
[SourceVersionDate "2021.05.31"]
[SourceQuality "1"]

1. e4 e5 2. Nf3 d5 3. d4 dxe4 4. Nxe5 Bd6 5. Nc4 Nf6 6. Nc3 O-O 7. Bg5 Nc6 8. Ne3 Be7 9. d5 Nxd5 10. Bxe7 Ndxe7 11. Nxe4 Nf5 12. Qxd8 Rxd8 13. Rd1 Nxe3 14. Rxd8+ Nxd8 15. fxe3 Bf5 16. Bd3 Bxe4 17. Bxe4 c6 18. Bf5 g6 19. Bg4 f5 20. Bf3 Nf7 21. Ke2 Rd8 22. h4 Kg7 23. a4 Kf6 24. a5 a6 25. Ra1 Ne5 26. Ra4 Rd7 27. Rd4 Ke6 28. b4 h6 29. Kf2 Rxd4 30. exd4 Nxf3 31. gxf3 Kd5 32. Ke3 Kc4 33. Kf4 Kxd4 34. h5 gxh5 35. Kxf5 Ke3 36. f4 h4 37. Kg4 h3 38. Kxh3 Kxf4 0-1

[Event "Titled Tuesday 2021.03.23"]
[Site "Chess.com INT"]
[Date "2021.03.23"]
[Round "8"]
[White "Bernadskiy, Vitaliy"]
[Black "Golubka, Petro"]
[Result "1-0"]
[WhiteElo "2599"]
[BlackElo "2452"]
[WhiteFideId "-1"]
[BlackFideId "-1"]
[PlyCount "67"]
[GameId "1631416840916992"]
[EventDate "2021.03.23"]
[EventType "swiss (blitz)"]
[EventRounds "11"]
[EventCountry "NET"]
[SourceTitle "CBM 201 Extra"]
[Source "ChessBase"]
[SourceDate "2021.05.31"]
[SourceVersion "1"]
[SourceVersionDate "2021.05.31"]
[SourceQuality "1"]

1. a3 a6 2. e4 e5 3. Bc4 Nc6 4. d3 b5 5. Ba2 Nf6 6. Nc3 Be7 7. Nf3 O-O 8. O-O d6 9. Nd5 Be6 10. b4 Bxd5 11. exd5 Nb8 12. c4 Nbd7 13. Be3 Ng4 14. Bd2 bxc4 15. dxc4 f5 16. c5 Kh8 17. c6 Nb6 18. a4 Nf6 19. Ng5 Qc8 20. Be3 a5 21. b5 g6 22. Ne6 Re8 23. f4 e4 24. Bxb6 cxb6 25. Qd4 Rb8 26. g4 Kg8 27. gxf5 gxf5 28. Kh1 Kf7 29. c7 Rb7 30. Rg1 Rg8 31. Rxg8 Kxg8 32. Rg1+ Kf7 33. Rg7+ Ke8 34. Qc3 1-0

[Event "Titled Tuesday 2021.03.23"]
[Site "Chess.com INT"]
[Date "2021.03.23"]
[Round "9"]
[White "Golubka, Petro"]
[Black "Suvorov, Luca"]
[Result "1-0"]
[WhiteElo "2452"]
[BlackElo "2279"]
[WhiteFideId "-1"]
[BlackFideId "-1"]
[PlyCount "86"]
[GameId "1631416841793536"]
[EventDate "2021.03.23"]
[EventType "swiss (blitz)"]
[EventRounds "11"]
[EventCountry "NET"]
[SourceTitle "CBM 201 Extra"]
[Source "ChessBase"]
[SourceDate "2021.05.31"]
[SourceVersion "1"]
[SourceVersionDate "2021.05.31"]
[SourceQuality "1"]

1. e4 e5 2. Nf3 Nc6 3. Bb5 a6 4. Ba4 Nf6 5. O-O Be7 6. d3 b5 7. Bb3 d6 8. a4 Bg4 9. c3 O-O 10. Nbd2 b4 11. h3 Bh5 12. Re1 Nd7 13. Bd5 Ndb8 14. g4 Bg6 15. cxb4 Ra7 16. Qb3 Kh8 17. Nc4 h5 18. Be3 Qd7 19. Bxc6 Nxc6 20. Bxa7 hxg4 21. Nh2 Nxa7 22. hxg4 Nc6 23. Re3 Nd4 24. Rh3+ Kg8 25. Qd1 Rb8 26. b5 axb5 27. axb5 Qxb5 28. Nf3 Nxf3+ 29. Qxf3 f6 30. Ra5 Qb4 31. Ra7 Qc5 32. Qe3 Qc6 33. Ra5 Qd7 34. Rg3 Bf7 35. Qf3 c6 36. g5 Kf8 37. gxf6 Bxf6 38. Qe3 d5 39. Ra7 Qe6 40. Qc5+ Kg8 41. Nd6 Be7 42. Rxe7 Qxe7 43. Rxg7+ Kxg7 1-0

[Event "Titled Tuesday 2021.03.23"]
[Site "Chess.com INT"]
[Date "2021.03.23"]
[Round "10"]
[White "Golubka, Petro"]
[Black "Rustemov, Alexander"]
[Result "1-0"]
[WhiteElo "2452"]
[BlackElo "2525"]
[WhiteFideId "-1"]
[BlackFideId "-1"]
[PlyCount "173"]
[GameId "1631416842809344"]
[EventDate "2021.03.23"]
[EventType "swiss (blitz)"]
[EventRounds "11"]
[EventCountry "NET"]
[SourceTitle "CBM 201 Extra"]
[Source "ChessBase"]
[SourceDate "2021.05.31"]
[SourceVersion "1"]
[SourceVersionDate "2021.05.31"]
[SourceQuality "1"]

1. e4 e6 2. d4 d5 3. Nc3 Bb4 4. Qd3 Ne7 5. Nge2 b6 6. a3 Bxc3+ 7. Nxc3 Ba6 8. Qg3 Bxf1 9. Rxf1 O-O 10. Bh6 Ng6 11. Bg5 f6 12. Be3 dxe4 13. O-O-O f5 14. Bg5 Qd6 15. Qh3 Nd7 16. f3 exf3 17. gxf3 Rae8 18. Rg1 c6 19. Qg2 Nf6 20. h4 Nh5 21. Qf2 e5 22. dxe5 Qxe5 23. Kb1 Ngf4 24. Rge1 Qc7 25. Qd4 Ne6 26. Qc4 Qf7 27. Bc1 Nc5 28. Qd4 Rxe1 29. Rxe1 Nf6 30. Qd6 Qd7 31. Qg3 Re8 32. Rd1 Qf7 33. Qd6 Qe6 34. Qc7 Re7 35. Qb8+ Kf7 36. Bg5 Rd7 37. Rg1 Qe8 38. Qf4 Qe6 39. b4 Nb7 40. Bxf6 Qxf6 41. Qc4+ Kf8 42. Ne2 Nd8 43. h5 Qd6 44. Qh4 Nf7 45. Nf4 Qe7 46. Qg3 Qf6 47. Re1 Re7 48. Rd1 Ne5 49. Rd4 b5 50. Qf2 Nc4 51. Ka2 Rd7 52. c3 Rxd4 53. cxd4 Qf7 54. d5 cxd5 55. Qc5+ Qe7 56. Qc8+ Kf7 57. Qxf5+ Ke8 58. Qxd5 Qf7 59. Qa8+ Kd7 60. Qxa7+ Ke8 61. Qb8+ Kd7 62. Qxb5+ Kc8 63. Qc5+ Kd7 64. Qd5+ Qxd5 65. Nxd5 Ne5 66. f4 Nd3 67. b5 Kd6 68. h6 gxh6 69. Ne3 Nxf4 70. a4 Kc5 71. Kb3 h5 72. Nf5 Ng6 73. Ng3 h4 74. Ne4+ Kd4 75. b6 h3 76. b7 h2 77. Nf2 Ke3 78. Nh1 Kf3 79. b8=Q Kg2 80. Qa8+ Kg1 81. Kc2 Nf4 82. Kd1 Ng2 83. Ke2 h5 84. Ng3 h4 85. Qf3 Nf4+ 86. Qxf4 hxg3 87. Qf1# 1-0

[Event "Titled Tuesday 2021.03.23"]
[Site "Chess.com INT"]
[Date "2021.03.23"]
[Round "11"]
[White "Esipenko, Andrey"]
[Black "Golubka, Petro"]
[Result "1-0"]
[WhiteElo "2701"]
[BlackElo "2452"]
[WhiteFideId "-1"]
[BlackFideId "-1"]
[PlyCount "45"]
[GameId "1631416842825728"]
[EventDate "2021.03.23"]
[EventType "swiss (blitz)"]
[EventRounds "11"]
[EventCountry "NET"]
[SourceTitle "CBM 201 Extra"]
[Source "ChessBase"]
[SourceDate "2021.05.31"]
[SourceVersion "1"]
[SourceVersionDate "2021.05.31"]
[SourceQuality "1"]

1. d4 Nf6 2. Nc3 d5 3. Bf4 c6 4. e3 Bf5 5. Bd3 Bxd3 6. cxd3 e6 7. Nf3 Nbd7 8. h4 h5 9. Ne5 Be7 10. Qf3 Nxe5 11. dxe5 Nd7 12. d4 Qb6 13. O-O-O Qa6 14. Kb1 O-O-O 15. g4 g6 16. Bg5 Bxg5 17. hxg5 Rh7 18. gxh5 gxh5 19. Rxh5 Rxh5 20. Qxh5 Rf8 21. f4 Qc4 22. g6 fxg6 23. Qxg6 1-0

[Event "Titled Tuesday 2021.03.16"]
[Site "Chess.com INT"]
[Date "2021.03.16"]
[Round "2"]
[White "Golubka, Petro"]
[Black "Tarasova, Viktoriya"]
[Result "1-0"]
[WhiteElo "2452"]
[BlackElo "2226"]
[WhiteFideId "-1"]
[BlackFideId "-1"]
[PlyCount "177"]
[GameId "1628912096276480"]
[EventDate "2021.03.16"]
[EventType "swiss (blitz)"]
[EventRounds "11"]
[EventCountry "NET"]
[SourceTitle "CBM 201 Extra"]
[Source "ChessBase"]
[SourceDate "2021.05.31"]
[SourceVersion "1"]
[SourceVersionDate "2021.05.31"]
[SourceQuality "1"]

1. e4 e5 2. Nf3 Nc6 3. Be2 Nf6 4. d3 Bc5 5. Be3 Bxe3 6. fxe3 O-O 7. Nc3 d6 8. Qd2 Ne7 9. O-O Ng6 10. a3 c6 11. Kh1 h6 12. Ng1 d5 13. exd5 cxd5 14. d4 e4 15. Rxf6 Qxf6 16. Nxd5 Qd6 17. c4 f5 18. g3 Be6 19. Nc3 Rac8 20. b3 a6 21. a4 Kh7 22. Nh3 Ne7 23. Nf4 Bg8 24. Ng2 g5 25. Kg1 Ng6 26. Rf1 Rcd8 27. Qc2 Qe7 28. a5 Kh8 29. Bh5 Qg7 30. d5 Ne5 31. Be2 Bh7 32. Qd2 Ng6 33. Rf2 Kg8 34. Bd1 Qc7 35. Na4 Qe5 36. Bh5 Qc7 37. Bxg6 Bxg6 38. Qc3 Kh7 39. Nb6 Qg7 40. Qxg7+ Kxg7 41. c5 Kf6 42. b4 Bf7 43. d6 Ke5 44. h3 Be6 45. Kh2 Rf7 46. Kg1 Rg7 47. Kh2 Rf7 48. Rd2 Rg7 49. Kg1 Rf7 50. Kf2 Rg7 51. Na4 Rf7 52. Nc3 Rg7 53. Ne2 Bd7 54. Nd4 Rf7 55. Ne2 Be6 56. Ne1 Rg7 57. Nc2 Rf7 58. Ncd4 Bd7 59. Kg2 Rdf8 60. Kf2 Rd8 61. Kg2 Rc8 62. Rd1 Rd8 63. Rh1 Rc8 64. h4 g4 65. Nf4 Rg8 66. Rc1 Rc8 67. Kf2 Rg7 68. Ke2 Rf7 69. Kd2 Rg7 70. Rc3 Rf7 71. Kc1 Rg7 72. Kb2 Rf7 73. Nfe2 Rg7 74. Rc1 Rf7 75. Nc3 Rg7 76. Nb1 Rf7 77. Nd2 Bb5 78. Nxb5 axb5 79. Nb3 Kd5 80. Rd1+ Ke5 81. Nd4 Kf6 82. Rf1 Ke5 83. Rf4 h5 84. Kb3 Rf6 85. Nxb5 Rf7 86. Nd4 Rd8 87. a6 Rb8 88. d7 Ra8 89. axb7 1-0

[Event "Titled Tuesday 2021.03.16"]
[Site "Chess.com INT"]
[Date "2021.03.16"]
[Round "3"]
[White "Orantes Taboada, Francisco"]
[Black "Golubka, Petro"]
[Result "0-1"]
[WhiteElo "2263"]
[BlackElo "2452"]
[WhiteFideId "-1"]
[BlackFideId "-1"]
[PlyCount "78"]
[GameId "1628912096522240"]
[EventDate "2021.03.16"]
[EventType "swiss (blitz)"]
[EventRounds "11"]
[EventCountry "NET"]
[SourceTitle "CBM 201 Extra"]
[Source "ChessBase"]
[SourceDate "2021.05.31"]
[SourceVersion "1"]
[SourceVersionDate "2021.05.31"]
[SourceQuality "1"]

1. Nf3 f5 2. b3 e6 3. Bb2 Nf6 4. e3 Be7 5. c4 O-O 6. Nc3 b6 7. d4 Bb7 8. Be2 Ne4 9. Qc2 Bb4 10. a3 Bxc3+ 11. Bxc3 Nxc3 12. Qxc3 a5 13. h4 h6 14. Rh3 Nc6 15. Rg3 Qf6 16. h5 Ne7 17. Ne5 Rfd8 18. Bf3 Bxf3 19. gxf3 d6 20. Ng6 Nxg6 21. Rxg6 Qh4 22. Rxe6 Re8 23. Rxe8+ Rxe8 24. c5 dxc5 25. dxc5 Qxh5 26. O-O-O Qxf3 27. Rd7 Qh1+ 28. Kd2 Qg2 29. Ke2 Qg4+ 30. Kd2 f4 31. Qc4+ Kh8 32. Qf7 fxe3+ 33. fxe3 Qg2+ 34. Kd3 Qe4+ 35. Kc3 Qxe3+ 36. Kc4 Qxc5+ 37. Kd3 Re3+ 38. Kd2 Qc3+ 39. Kd1 Re1# 0-1

[Event "Titled Tuesday 2021.03.16"]
[Site "Chess.com INT"]
[Date "2021.03.16"]
[Round "4"]
[White "Golubka, Petro"]
[Black "Tiarks, Jann Christian"]
[Result "1-0"]
[WhiteElo "2452"]
[BlackElo "2104"]
[WhiteFideId "-1"]
[BlackFideId "-1"]
[PlyCount "45"]
[GameId "1628912096874496"]
[EventDate "2021.03.16"]
[EventType "swiss (blitz)"]
[EventRounds "11"]
[EventCountry "NET"]
[SourceTitle "CBM 201 Extra"]
[Source "ChessBase"]
[SourceDate "2021.05.31"]
[SourceVersion "1"]
[SourceVersionDate "2021.05.31"]
[SourceQuality "1"]

1. e4 c5 2. Nf3 d6 3. d4 cxd4 4. Nxd4 Nf6 5. Nc3 a6 6. Bg5 e6 7. f4 h6 8. Bh4 Qb6 9. Bxf6 gxf6 10. Qd2 Nc6 11. Nb3 Bd7 12. O-O-O Be7 13. Kb1 Rc8 14. Be2 Qc7 15. Rhe1 b5 16. Bh5 b4 17. Ne2 Na5 18. Ned4 Nc4 19. Qxb4 e5 20. Nf5 Bxf5 21. exf5 Ne3 22. Rxe3 Qxc2+ 23. Ka1 1-0

[Event "Titled Tuesday 2021.03.16"]
[Site "Chess.com INT"]
[Date "2021.03.16"]
[Round "5"]
[White "Golubka, Petro"]
[Black "Demchenko, Anton"]
[Result "1/2-1/2"]
[WhiteElo "2452"]
[BlackElo "2610"]
[WhiteFideId "-1"]
[BlackFideId "-1"]
[PlyCount "160"]
[GameId "1628912097878016"]
[EventDate "2021.03.16"]
[EventType "swiss (blitz)"]
[EventRounds "11"]
[EventCountry "NET"]
[SourceTitle "CBM 201 Extra"]
[Source "ChessBase"]
[SourceDate "2021.05.31"]
[SourceVersion "1"]
[SourceVersionDate "2021.05.31"]
[SourceQuality "1"]

1. e4 c5 2. Nf3 Nc6 3. d4 cxd4 4. Nxd4 Nf6 5. Nc3 d6 6. Bg5 Bd7 7. Qd2 a6 8. Nb3 e6 9. f3 Rc8 10. h4 h6 11. Be3 Be7 12. O-O-O b5 13. Kb1 Ne5 14. a3 h5 15. Bg5 Qc7 16. Be2 Rb8 17. Qd4 Nc6 18. Qe3 b4 19. axb4 Nxb4 20. Rd4 Qb6 21. Rc4 Qxe3 22. Bxe3 d5 23. exd5 Nfxd5 24. Bg5 Bxg5 25. hxg5 Ne3 26. Rch4 Nxg2 27. Rxh5 Rxh5 28. Rxh5 Ke7 29. Nc5 Nf4 30. Rh7 Nxe2 31. Nxe2 Be8 32. Rxg7 Rc8 33. Nd3 Nxd3 34. cxd3 Bb5 35. Nc1 Kf8 36. Rh7 Rc5 37. f4 Kg8 38. Rh3 Kg7 39. Re3 Kg6 40. Re4 Kf5 41. Rd4 Rd5 42. Rb4 e5 43. fxe5 Rxe5 44. Kc2 Kxg5 45. Na2 f5 46. Nc3 f4 47. Ne4+ Kf5 48. Kd2 Bc6 49. Nd6+ Ke6 50. Nc4 Rf5 51. Rb6 Kd7 52. Rxa6 f3 53. Ra7+ Kd8 54. Ne3 f2 55. Ra1 Rf6 56. Ke2 Bb5 57. Rd1 Rf7 58. b3 Rf8 59. Nc4 Rf7 60. Rf1 Re7+ 61. Kxf2 Bc6 62. Re1 Rh7 63. Ke3 Rh3+ 64. Kd4 Kc7 65. Kc3 Rh2 66. Re3 Rh1 67. b4 Rc1+ 68. Kd4 Rd1 69. Kc5 Bg2 70. b5 Bf1 71. b6+ Kc8 72. Nd6+ Kd7 73. b7 Rb1 74. Re8 Rxb7 75. Nxb7 Kxe8 76. d4 Kd7 77. Nd6 Ke7 78. Ne4 Kd7 79. Nc3 Bg2 80. d5 Bxd5 1/2-1/2

[Event "Titled Tuesday 2021.03.16"]
[Site "Chess.com INT"]
[Date "2021.03.16"]
[Round "6"]
[White "Karthikeyan, Murali"]
[Black "Golubka, Petro"]
[Result "1-0"]
[WhiteElo "2606"]
[BlackElo "2452"]
[WhiteFideId "-1"]
[BlackFideId "-1"]
[PlyCount "115"]
[GameId "1628912098242560"]
[EventDate "2021.03.16"]
[EventType "swiss (blitz)"]
[EventRounds "11"]
[EventCountry "NET"]
[SourceTitle "CBM 201 Extra"]
[Source "ChessBase"]
[SourceDate "2021.05.31"]
[SourceVersion "1"]
[SourceVersionDate "2021.05.31"]
[SourceQuality "1"]

1. e4 c5 2. Nf3 d6 3. Bb5+ Nd7 4. O-O Ngf6 5. Re1 e5 6. c3 a6 7. Bf1 Be7 8. d4 O-O 9. h3 b6 10. a4 Bb7 11. d5 Kh8 12. Nbd2 Ne8 13. Nc4 Rb8 14. b4 f5 15. exf5 Rxf5 16. Rb1 cxb4 17. cxb4 Nc7 18. Ne3 Rf8 19. Bb2 b5 20. axb5 axb5 21. Qb3 Nb6 22. Rbd1 Qd7 23. Rd2 Rbc8 24. Red1 Bf6 25. Ng4 Na4 26. Ba1 Nb6 27. Ne3 g6 28. Ne1 Bg7 29. N1c2 Ra8 30. Na3 Ra7 31. Nb1 Rfa8 32. Bb2 Na4 33. Bc1 h5 34. Nc3 Nxc3 35. Qxc3 Qf7 36. Qc2 Ra2 37. Qxa2 Rxa2 38. Rxa2 Nxd5 39. Ra7 Nxb4 40. Rxd6 Qc7 41. Rxg6 Kh7 42. Rg5 Bf6 43. Rxh5+ Kg6 44. g4 e4 45. Nf5 e3 46. Rh6+ Kf7 47. Bxe3 Qc6 48. Rxb7+ Qxb7 49. Nd6+ Ke6 50. Nxb7 Nc2 51. Rxf6+ Kxf6 52. Bc5 b4 53. Bc4 b3 54. Bxb3 Ne1 55. Bd1 Nf3+ 56. Bxf3 Kg5 57. Kg2 Kh4 58. Be7# 1-0